| 000 | 00453nam a22001817a 4500 | ||
|---|---|---|---|
| 003 | CEME | ||
| 005 | 20210628202756.0 | ||
| 008 | 210127b xxu||||| |||| 00| 0 eng d | ||
| 020 | _a81-203-1954-0 | ||
| 040 | _c. | ||
| 082 | _a629.8 BAN | ||
| 100 |
_aBandyopadhyay, M.N _961558 |
||
| 245 | _aControl engineering : theory and practice | ||
| 260 |
_aNEW DELHI _c2003 |
||
| 300 | _aXI,599P | ||
| 650 |
_aCONTROL ENGINEERING _934982 |
||
| 942 |
_cBK _2ddc |
||
| 999 |
_c570972 _d570972 |
||